Using PCs / (Record no. 133065)

MARC details
000 -LEADER
fixed length control field 00716nam a22002297a 4500
005 - DATE AND TIME OF LATEST TRANSACTION
control field 20170124110203.0
010 ## - LIBRARY OF CONGRESS CONTROL NUMBER
LC control number A-940043
020 ## - INTERNATIONAL STANDARD BOOK NUMBER
Terms of availability 175.00
International Standard Book Number 8120313399
035 ## - SYSTEM CONTROL NUMBER
System control number A-940043
037 ## - SOURCE OF ACQUISITION
Source of stock number/acquisition Cen Lib/Ret
040 ## - CATALOGING SOURCE
Original cataloging agency DPL
Language of cataloging EN
082 ## - DEWEY DECIMAL CLASSIFICATION NUMBER
Classification number 004.16
Item number USI
100 ## - MAIN ENTRY--PERSONAL NAME
Personal name O'Hara, Shelley
9 (RLIN) 36703
245 ## - TITLE STATEMENT
Title Using PCs /
Statement of responsibility, etc by Shelley O'Hara...[et al.]
260 ## - PUBLICATION, DISTRIBUTION, ETC. (IMPRINT)
Place of publication, distribution, etc New Delhi
Name of publisher, distributor, etc Printice-Hall of India
Date of publication, distribution, etc 1997
270 ## - ADDRESS
Address M-97, Cannaught Circus
City New Delhi
Postal code 110001
300 ## - PHYSICAL DESCRIPTION
Extent xxi,386p. :
Dimensions 24cm (Hb)
Other physical details 1ll.
500 ## - GENERAL NOTE
General note Includes index<br/><br/>
650 ## - SUBJECT ADDED ENTRY--TOPICAL TERM
Topical term or geographic name as entry element Microcomputers
9 (RLIN) 98889
650 ## - SUBJECT ADDED ENTRY--TOPICAL TERM
Topical term or geographic name as entry element Microcomputers -- Study and teaching
9 (RLIN) 98890
942 ## - ADDED ENTRY ELEMENTS (KOHA)
Source of classification or shelving scheme Dewey Decimal Classification
Koha item type English Books
Classification part 004.16
Call number suffix USI
Holdings
Withdrawn status Lost status Damaged status Not for loan Home library Current library Date acquired Source of acquisition Cost, normal purchase price Total Checkouts Full call number Barcode Date last seen Copy number Cost, replacement price Price effective from Koha item type Source of classification or shelving scheme Collection code
        Central Library Central Library 24/07/2015 Cen Lib/Ret 175.00   004.16 USI A-940043 24/07/2015 1 175.00 15/09/2016 English Books    
        Kadipur Kadipur 12/07/2019 BPPD/PUB 175.00   004.16 USI A-940065 12/07/2019 2 175.00 12/07/2019 English Books Dewey Decimal Classification Non-fiction

© Delhi Public Library
Hit Counter
free hit counter